Inclusive or Unequal Progress? Develpoment- Induced Dispalcement in Goa 1965-2010 / (Record no. 196649)
[ view plain ]
| 000 -LEADER | |
|---|---|
| fixed length control field | 00756nam a22002177a 4500 |
| 005 - DATE AND TIME OF LATEST TRANSACTION | |
| control field | 20230816112150.0 |
| 010 ## - LCCN (DPL NO) | |
| LC control number | ENG-137476 |
| 020 ## - INTERNATIONAL STANDARD BOOK NUMBER | |
| Terms of availability | 300.00 |
| International Standard Book Number | 9788195302437 |
| 035 ## - SYSTEM CONTROL NUMBER | |
| System control number | EN-121008 |
| 037 ## - SOURCE OF ACQUISITION | |
| Source of stock number/acquisition | DBAD/PUB |
| 082 ## - DEWEY DECIMAL CLASSIFICATION NUMBER | |
| Classification number | 338.95472 |
| 100 ## - MAIN ENTRY--PERSONAL NAME | |
| Personal name | Fernandes,Walter |
| 245 ## - TITLE STATEMENT | |
| Title | Inclusive or Unequal Progress? Develpoment- Induced Dispalcement in Goa 1965-2010 / |
| Statement of responsibility, etc | Walter Fernands |
| 260 ## - PUBLICATION, DISTRIBUTION, ETC. (IMPRINT) | |
| Place of publication, distribution, etc | Guwahati |
| Name of publisher, distributor, etc | North Eastern Social Research Centre |
| Date of publication, distribution, etc | 2021 |
| 270 ## - ADDRESS | |
| Address | North Eastern Social Research Centre Jagriti 2nd Floor, Arunodoi Path, GMCH Road, Christian Basti |
| City | Assam |
| Postal code | 781005 |
| 300 ## - PHYSICAL DESCRIPTION | |
| Extent | 378p. |
| Dimensions | 22cm |
| 700 ## - ADDED ENTRY--PERSONAL NAME | |
| Personal name | Abreu,Savio |
| 700 ## - ADDED ENTRY--PERSONAL NAME | |
| Personal name | Naik,Niraj |
| 700 ## - ADDED ENTRY--PERSONAL NAME | |
| Personal name | Fernandes,Simon |
| 942 ## - ADDED ENTRY ELEMENTS (KOHA) | |
| Source of classification or shelving scheme | Dewey Decimal Classification |
| Item type | English Books |
| Call number suffix | FER |
| Classification part | 338.95478 |
| Withdrawn status | Lost status | Not for loan | Collection code | Home library | Current library | Date acquired | Source of acquisition | Cost, normal purchase price | Full call number | Barcode | Copy number | Cost, replacement price | Koha item type |
|---|---|---|---|---|---|---|---|---|---|---|---|---|---|
| Non-fiction | Kadipur | Kadipur | 19/07/2023 | DBAD/PUB | 300.00 | 338.95478 FER | EN-121008 | 1 | 300.00 | English Books |
